000 01289nam a22003617a 4500
003 CHAP
005 20220329135223.0
008 971013s1978 r 00010 d
010 _a32845
011 _a33817
035 _a37933
040 _cCHAP
082 _a327.72
_bL6
100 0 0 _aLópez Portillo Pacheco, José.
_968239
245 _aEn la URSS y Bulgaria
260 _aMéxico :
_bSecretaría de Programación y Presupuesto,
_c1978
300 _a148 p.
490 _aCuadernos de filosofía política
_v; 4
590 _aBATCH-UPD
_b10
_c20130110
_lUCH01
_h1807
590 _aBATCH-UPD
_b10
_c20130410
_lUCH01
_h1016
590 _aBATCH-UPD
_b10
_c20130914
_lUCH01
_h1109
590 _aBATCH-UPD
_b10
_c20161124
_lUCH01
_h1709
590 _aCONVERSION
_b10
_c20130109
_lUCH01
_h1318
650 1 4 _aBulgaria
_xRelaciones internacionales
_xMéxico.
_916025
650 1 4 _aMéxico
_xRelaciones exteriores
_xBulgaria.
_976788
650 1 4 _aMéxico
_xRelaciones exteriores
_xU.R.S.S.
_976798
650 1 4 _aU.R.S.S.
_xRelaciones internacionales
_xMéxico.
_9115777
651 4 _aMéxico
_xPolítica y gobierno.
_976783
830 0 _aCuadernos de filosofía política
_v; 4
_929778
901 _aBK
942 _cLIBRO
949 _a327.72 L6
_bBC
_cLIBRO
_d33724000302824
_eLIBRO
_h49183
_i37933
_mD
_si
999 _c32845
_d32845